Sports Quiz

Random Sports or Basketball Quiz

NCAA B-Ball Champs: Click Who They Beat Quiz Stats

 Plays Quiz not verified by Sporcle

Challenge
Share
Tweet
Embed
Score 0/74 Timer 10:00
0 Plays Today
% Correct
Butler
88.4%
Butler
84.9%
Memphis
76.7%
Illinois
66.3%
Indiana State
62.8%
Michigan State
58.1%
Houston
58.1%
Seton Hall
55.8%
Houston
55.8%
Kentucky
55.8%
Indiana
54.7%
Syracuse
53.5%
UCLA
53.5%
Utah
51.2%
Arkansas
51.2%
Syracuse
51.2%
Georgetown
51.2%
Arizona
50%
Florida
50%
Duke
50%
Georgia Tech
47.7%
Georgetown
47.7%
Michigan
47.7%
Michigan
46.5%
Duke
45.3%
Duke
45.3%
Kentucky
44.2%
Duke
43%
Kansas
43%
Kansas
41.9%
Duke
40.7%
Duke
39.5%
Kansas
39.5%
Kansas
38.4%
Ohio State
37.2%
Kansas
37.2%
Kansas
34.9%
% Correct
Michigan
34.9%
Oklahoma
34.9%
Ohio State
32.6%
UCLA
31.4%
Kentucky
29.1%
Ohio State
29.1%
Georgetown
27.9%
North Carolina
26.7%
Ohio State
26.7%
Oklahoma
24.4%
Jacksonville
24.4%
North Carolina
24.4%
Michigan
23.3%
North Carolina
22.1%
Cincinnati
22.1%
North Carolina
22.1%
Memphis State
20.9%
Marquette
19.8%
Florida State
16.3%
Dayton
15.1%
California
15.1%
Seattle
15.1%
Purdue
14%
West Virginia
14%
Dartmouth
14%
Iowa
12.8%
Bradley
12.8%
Dartmouth
12.8%
Villanova
11.6%
LaSalle
11.6%
St. John's
9.3%
Kansas State
9.3%
Bradley
9.3%
Baylor
9.3%
NYU
9.3%
Washington State
9.3%
Oklahoma A&M
7%

You're not logged in!

Compare scores with friends on all Sporcle quizzes.
Join for Free
OR
Log In

You Might Also Like...

Show Comments

Extras

Top Quizzes Today


Score Distribution

Your Account Isn't Verified!

In order to create a playlist on Sporcle, you need to verify the email address you used during registration. Go to your Sporcle Settings to finish the process.

Report this User

Report this user for behavior that violates our Community Guidelines.

Details: